Eurodance Quiz - Statistiken

Allgemein
  • Dieses Quiz wurde 77 mal gespielt
  • Das Durchschnittsergebnis liegt bei 6 aus 15
Antwortstatistiken
Hint Extra Hint Antwort % Korrekt
Somebody Dance with Me Dj BoBo Schweiz
79%
Everytime We Touch Cascada Deutschland
77%
Blue (Da Ba Dee) Eiffel 65 Italien
58%
Cotton Eye Joe Rednex Schweden
49%
Barbie Girl Aqua Dänemark / Norwegen
42%
Stereo Love Edward Maya feat. Vika Jigulina Rumänien
37%
This Is My Life Eurobandið Island
35%
Dragostea din tei O-Zone Moldawien
35%
Scatman (Ski Ba Bop Ba Dop Bop) Scatman John Vereinigte Staaten
32%
Sandstorm Darude Finnland
26%
Pump Up the Jam Technotronic Belgien
25%
Ooh Aah... Just a Little Bit Gina G Australien
23%
Kung Fu Fighting Bus Stop Vereinigtes Königreich
23%
Heaven DJ Sammy & Yanou feat. Do Spanien
21%
Better Off Alone Alice Deejay Niederlande
16%
Keine übereinstimmenden Quizze gefunden
Verteilung der Resultate
Anzahl Personen mit jedem Resultat
Perzentil nach korrekt beantworteten Fragen
Ihre Resultats-Entwicklung
Sie haben dieses Quiz noch nicht gespielt